00337 2200145 4500001002100000005001500021035002000036245004400056100001500100300001100115260003100126082000800157084001400165990001200179INLIS00000000000210220250527100548 a0010-05250003941 aKiat Menghadapi Caci Maki /cAli Nurdin0 aAli Nurdin a73 hlm aJakarta :bErlangga,c2008 a100 a100 ALI k a0713120